000 00799nam a22001817a 4500
999 _c80791
_d80791
008 201130b ||||| |||| 00| 0 eng d
040 _bger
_cDE-2950
_erda
_aDE-2950
041 _ager
100 _aKelm, Hartmut:
245 _aVom Ausflugsort zum Kriegsschauplatz.
_bGeschichte: ...Ein verlassener Ort ist die Buschmühle, von dessen einstiger Bebauung nicht mehr viel übrig ist. Der Lost Place jedoch war Ausgangspunkt für ein bedeutendes Stück jüngere Frankfurter Geschichte
_cHartmut Kelm
653 _aFrankfurt (Oder)
653 _aBuschmühle
773 _dFrankfurt (Oder): Märkisches Verlags- und Druckhaus GmbH & Co KG
_g32. Jahrgang (2021) Nr. 52 vom 03.03.2021, S. 16
_tMärkische Oderzeitung
942 _cA